01955nam a22002297a 4500003000200000005001700002008004100019020001800060050002100078100003200099245009100131260003400222300003200256504005100288520122700339650002401566650002101590650002301611650003401634700002601668700003101694020240918142012.0240918b xxu||||| |||| 00| 0 eng d a9781138091528 aPN 53b.B46 2019 aBenthien, Claudia,eauthor. aThe literariness of media art /cby Claudia Benthien, Jordis Lau, and Maraike Marxsen. aNew York :bRoutledge,c2019. ax, 320 p. :bill. ;c26 cm. aIncludes bibliographical references and index. a"The beginning of the 20th century saw literary scholars from Russia positing a new definition for the nature of literature. Within the framework of Russian formalism, the term "literariness" was coined. The driving force behind this theoretical inquiry was the desire to identify literature--and art in general--as ways of revitalizing human perception, which had been numbed by the automatization of everyday life. The transformative power of "literariness" is made manifest in many media artworks by renowned artists such as Chantal Akerman, Mona Hatoum, Gary Hill, Jenny Holzer, William Kentridge, Nalini Malani, Bruce Nauman, Martha 4 Rosler, and Lawrence Weiner. These artists, much like the young Russian and German scholars of the 20th century, use literariness as a tool to analyze the aesthetics of spoken or written language within experimental film, video performance, moving image installations and many more media-based art forms. This volume uses as its foundation the Russian formalist school of literary theory, with the goal of extending these theories to include contemporary concepts in film and media studies, such as neoformalism, intermediality, remediation, and post-drama"-- Provided by publisher. aArt and literature. aMultimedia (Art) aLiterature in art. aFormalism (Literary analysis) aLau, Jordis,eauthor. aMarxsen, Maraike,eauthor.